书目信息 |
| 题名: |
中国证券价格非线性行为及定价研究
|
|
| 作者: | 宿成建 著 | |
| 分册: | ||
| 出版信息: | 北京 经济科学出版社 2013 |
|
| 页数: | 205页 | |
| 开本: | 21cm | |
| 丛书名: | ||
| 单 册: | ||
| 中图分类: | F832.51 | |
| 科图分类: | ||
| 主题词: | 证券交易--定价原则--研究--中国 , 证券交易 , 定价原则 | |
| 电子资源: | ||
| ISBN: | 978-7-5141-3730-9 | |
| 000 | 01281nam0 2200289 450 | |
| 001 | 519 | |
| 005 | 20140909165148.76 | |
| 010 | @a978-7-5141-3730-9@dCNY28.00 | |
| 100 | @a20131129d2013 kemy0chiy50 ea | |
| 101 | 0 | @achi |
| 102 | @aCN@b110000 | |
| 105 | @ay v 000yy | |
| 106 | @ar | |
| 200 | 1 | @a中国证券价格非线性行为及定价研究@AZhong Guo Zheng Quan Jia Ge Fei Xian Xing Xing Wei Ji Ding Jia Yan Jiu@dNonlinear behavior of Chinese stocks and asset pricing@f宿成建著@FSu Cheng Jian Zhu@zeng |
| 210 | @a北京@c经济科学出版社@d2013 | |
| 215 | @a205页@d21cm | |
| 300 | @a贵州财经大学引进人才科研启动项目以及贵州省软科学研究项目资助 | |
| 312 | @a封面英文题名:Nonlinear behavior of Chinese stocks and asset pricing | |
| 330 | @a本书采用规范分析与实证研究相结合、现代数学结合金融资产定价理论和方法,全面深入地研究了中国股市的非线性行为以及股票收益定价规律,试图为投资者、上市公司管理者以及从事学术研究的读者提供一个中国资本市场价格行为与资产定价的基本框架图。 | |
| 510 | 1 | @aNonlinear behavior of Chinese stocks and asset pricing@zeng |
| 606 | 0 | @a证券交易@x定价原则@x研究@y中国 |
| 606 | 0 | @a证券交易 |
| 606 | 0 | @a定价原则 |
| 690 | @aF832.51@v5 | |
| 701 | 0 | @a宿成建@ASu Cheng Jian@4著 |
| 801 | 0 | @aCN@bTANGWEI@c20140603 |
| 905 | @b0838999-9001@dF832.51@e115@f3 | |
| 中国证券价格非线性行为及定价研究=Nonlinear behavior of Chinese stocks and asset pricing/宿成建著.-北京:经济科学出版社,2013 |
| 205页;21cm |
| 贵州财经大学引进人才科研启动项目以及贵州省软科学研究项目资助 |
| ISBN 978-7-5141-3730-9:CNY28.00 |
| 本书采用规范分析与实证研究相结合、现代数学结合金融资产定价理论和方法,全面深入地研究了中国股市的非线性行为以及股票收益定价规律,试图为投资者、上市公司管理者以及从事学术研究的读者提供一个中国资本市场价格行为与资产定价的基本框架图。 |
| ● |
| 相关链接 |
|
|
|
|
正题名:中国证券价格非线性行为及定价研究
索取号:F832.51/115
 
预约/预借
| 序号 | 登录号 | 条形码 | 馆藏地/架位号 | 状态 | 备注 |
| 1 | 0838999 | 208389992 | 第一样本阅览室/ [索取号:F832.51/115] | 在馆 | |
| 2 | 0839000 | 208390007 | 密集书库-海洋学院/ [索取号:F832.51/115] | 在馆 | |
| 3 | 0839001 | 208390016 | 第一借阅区/ [索取号:F832.51/115] | 在馆 |